| 000 | 00469nam a2200181Ia 4500 | ||
|---|---|---|---|
| 005 | 20250423101437.0 | ||
| 008 | 250422s9999 xx 000 0 und d | ||
| 020 | _a1405078057 | ||
| 050 | _aPZ 7 .M38 S63/ | ||
| 100 | _aMatteus, Geoffrey | ||
| 245 | 4 | _aThe space invaders | |
| 260 | _aOxford | ||
| 260 | _bMacmillan | ||
| 260 | _c2005 | ||
| 300 | _a63 p | ||
| 650 | _aEnglish language -- Study and teaching Readers -- Intermediate level (Level 5) | ||
| 942 | _cBK | ||
| 999 |
_c36320 _d36320 |
||